000 01392nam a22004457a 4500
001 0000290
003 KOHA_MİRAKIL
005 20260207001206.0
007 ta
008 081212b2000 tu a|||gr||||#0|||0|tur |
020 _a9755640959
_cYTL8,69
040 _aTR-BiSEU
_btur
_cTR-BiSEU
_erda
041 0 _atur
044 _ctu
050 _aQW180
_b.S24 2000
100 1 _aŞahin, İsmet.
245 1 _aKüf - gıda - insan/
_cİsmet Şahin ; İsmet Şahin, Mihriban Korukluoğlu.
264 1 _aBursa :
_bVipaş A.Ş. Uludağ Üniversitesi Güçlendirme Vakfı
_c2000
300 _aVI, 122 sayfa :
_bresimli
336 _ametin
_btxt
_2rdacontent
337 _aaracısız
_bn
_2rdamedia
338 _acilt
_bnc
_2rdacarrier
490 1 _aUludağ Üniversitesi Güçlendirme Vakfı yayın no ;
_v155.
490 1 _aVipaş A.Ş yayın sıra no ;
_v31.
500 _aKaynakça var.
650 0 _aFood.
_92233
650 0 _aGıda.
_92234
650 0 _aMycoses.
_92235
650 0 _aMikozlar.
_92236
650 0 _aMikoloji.
_92237
650 0 _aFungi.
_92238
650 0 _aSağlık.
_92239
650 0 _aHealth.
_92240
650 0 _aKüfler (Funguslar).
_92241
650 0 _aMantar.
_92242
830 1 _aUludağ Üniversitesi Güçlendirme Vakfı yayın no ;
_v155.
_92243
830 1 _aVipaş A.Ş yayın sıra no ;
_v31.
_92244
907 _aOkuma Kitabı
942 _2lcc
_cBK
999 _c291
_d291